Central Library OPAC University of Rajshahi

Plants and their atmospheric environment : (Record no. 12485)

MARC details
000 -LEADER
fixed length control field 01195cam a2200301 a 4500
001 - CONTROL NUMBER
control field 12485
003 - CONTROL NUMBER IDENTIFIER
rucl marc code BD-RjUL
005 - DATE AND TIME OF LATEST TRANSACTION
control field 20211208235313.0
008 - FIXED-LENGTH DATA ELEMENTS--GENERAL INFORMATION
fixed length control field 140129s1981 enka b 101 0 eng d
020 ## - INTERNATIONAL STANDARD BOOK NUMBER
International Standard Book Number 0632005254
035 ## - SYSTEM CONTROL NUMBER
System control number (BD-RjUL)12534
040 ## - CATALOGING SOURCE
Original cataloging agency LC
Language of cataloging eng
Transcribing agency LC
Modifying agency VU
-- AS:PE
-- BD-RjUL
041 ## - LANGUAGE CODE
Language code of text/sound track or separate title eng
082 04 - DEWEY DECIMAL CLASSIFICATION NUMBER
Classification number 581.542
Edition number 19
Author mark and year BRP 1981
110 2# - MAIN ENTRY--CORPORATE NAME
Corporate name or jurisdiction name as entry element British Ecological Society.
Subordinate unit Symposium
Number of part/section/meeting (21st :,
Date of meeting or treaty signing 1979 :
Location of meeting Edinburgh, Scotland)
9 (RLIN) 38870
245 10 - TITLE STATEMENT
Title Plants and their atmospheric environment :
Remainder of title the 21st Symposium of the British Ecological Society, Edinburgh, 1979 /
Statement of responsibility, etc. edited by J. Grace, E.D. Ford, and P.G. Jarvis.
260 ## - PUBLICATION, DISTRIBUTION, ETC. (IMPRINT)
Place of publication, distribution, etc. Oxford ;
-- Boston :
Name of publisher, distributor, etc. Blackwell Scientific Publications ;
Place of publication, distribution, etc. New York :
Name of publisher, distributor, etc. Distributed by Halsted Press,
Date of publication, distribution, etc. 1981.
300 ## - PHYSICAL DESCRIPTION
Pagination viii, 419 p. :
Illustrations ill. ;
Size 25 cm.
504 ## - BIBLIOGRAPHY, ETC. NOTE
Bibliography, etc Includes bibliographies and index.
650 #0 - SUBJECT ADDED ENTRY--TOPICAL TERM
Topical term or geographic name as entry element Plant-atmosphere relationships
General subdivision Congresses.
9 (RLIN) 38865
Topical term or geographic name as entry element Plant ecophysiology.
9 (RLIN) 38866
700 1# - ADDED ENTRY--PERSONAL NAME
Personal name Jarvis, P. G.
Fuller form of name (Paul Gordon),
Dates associated with a name 1935-
Personal name Grace, J.
Fuller form of name (John),
Dates associated with a name 1945-
Personal name Ford, E. D.
Fuller form of name (Edward David)
942 ## - ADDED ENTRY ELEMENTS (KOHA)
Source of classification or shelving scheme Dewey Decimal Classification
Koha item type Books
Holdings
Lost status Source of classification or shelving scheme Damaged status Not for loan Collection code Permanent Location Current Location Shelving location Date acquired Cost, normal purchase price Total Checkouts Full call number Date last seen Copy number Koha item type
  Dewey Decimal Classification   Not For Loan Non-fiction Central Library, University of Rajshahi Central Library, University of Rajshahi Reading Room 08/03/1984 18.50   581.542 BRP 1981 29/01/2014 C-1 Books